| 000 | 00589nam a22002057a 4500 | ||
|---|---|---|---|
| 003 | OSt | ||
| 005 | 20140310181715.0 | ||
| 008 | 121214t xxu||||| |||| 00| 0 eng d | ||
| 020 | _a9711360381 | ||
| 050 |
_aDS 653.7 . _b.P324 1989 |
||
| 082 |
_aFIL 920 _bP281 1989 |
||
| 110 | _aNational Historical Institute | ||
| 245 |
_aFilipinos in history / _cNational Historical Institute |
||
| 260 |
_aManila,Philippines: _bNational Historical Institute, _c1989. |
||
| 300 |
_av. ; 278 p. : _c23 cm. |
||
| 650 |
_aHistory _xFilipinos |
||
| 942 |
_2lcc _cBK _kFIL |
||
| 999 |
_c1729 _d1729 |
||